000 01346cam a22002771i 4500
003 SA-RiAUC
005 20260127135437.0
008 260126s1977 ua a f b 000 0 ara c
040 _aSA-JeALM
_bara
_cSA-RiAUC
_erda
043 _af-ua---
082 0 4 _a345.6206
_qSA-RiAUC
090 _a345.6206
_bش هـ ا
100 1 _aالشهاوي، قدري عبد الفتاح،
_d1936-
_eمؤلف.
245 1 0 _aأصول وأساليب التحقيق والبحث الجنائي الفني العملي التطبيقي :
_bدراسة عملية تطبيقية تحليلية مقارنة طبقا للاتجاه الحديث في البلاد العربية - الأجنبية /
_cقدري عبد الفتاح الشهاوي.
246 3 0 _aالبحث الجنائي الفني العملي التطبيقي
264 1 _aالقاهرة :
_bعالم الكتب،
_c1977
300 _a231 صفحة :
_bإيضاحيات ؛
_c24 سم.
336 _aنص
_btxt
_2rdacontent
_3كتاب
337 _aبدون وسيط
_bn
_2rdamedia
504 _aببليوجرافية : صفحة 209-210.
650 7 _aالبحث الجنائي
_zالبلاد العربية
_2aucsh
650 7 _aالتحقيق الجنائي
_zمصر
_2aucsh
650 7 _aالبحث الجنائي
_zمصر
_2aucsh
942 _2ddc
_cBOOK
_n0
949 _aSA-JeALM
_d260126
_uosman123
_n1
999 _c14197
_d14197